000
00179nam a2200073Ia 4500
008
170817s9999 xx 000 0 und d
100
_a
JOYCE BRUCE
245
0
_a
MOODELS OF TE ACHING
260
_b
PRENTICE HALOF IN.
999
_c
36817
_d
36817